[Event "DEM U14 2023"]
[Site "Willingen GER"]
[Date "2023.05.31"]
[Round "5"]
[White "Bräutigam, Alexander"]
[Black "Melestean, Maxim"]
[Result "1-0"]
[Termination "normal"]
[Board "13"]
[WhiteElo "1892"]
[BlackElo "1450"]
[WhiteClock "00:27:06"]
[BlackClock "00:01:44"]
[PlyCount "67"]
[WhiteFideId "16245210"]
[BlackFideId "16280393"]
[EventCountry "GER"]
[EventRounds "9"]
[EventType "swiss"]
[EventDate "2023.05.27"]

1. c4 {[%clk 01:30:59]} {[%emt 00:00:02]} c6 {[%clk 01:30:57]} {[%emt
00:00:02]} 2. Nc3 {[%clk 01:31:14]} {[%emt 00:00:15]} d5 {[%clk 01:31:16]}
{[%emt 00:00:12]} 3. cxd5 {[%clk 01:31:37]} {[%emt 00:00:07]} cxd5 {[%clk
01:31:41]} {[%emt 00:00:05]} 4. d4 {[%clk 01:32:02]} {[%emt 00:00:03]} Nf6
{[%clk 01:32:07]} {[%emt 00:00:04]} 5. Bf4 {[%clk 01:32:25]} {[%emt 00:00:07]}
Nc6 {[%clk 01:32:31]} {[%emt 00:00:06]} 6. e3 {[%clk 01:32:43]} {[%emt
00:00:12]} a6 {[%clk 01:32:57]} {[%emt 00:00:05]} 7. Bd3 {[%clk 01:29:31]}
{[%emt 00:03:40]} Bg4 {[%clk 01:32:45]} {[%emt 00:00:43]} 8. Qd2 {[%clk
01:28:21]} {[%emt 00:01:41]} e6 {[%clk 01:32:55]} {[%emt 00:00:20]} 9. h3
{[%clk 01:28:36]} {[%emt 00:00:14]} Bh5 {[%clk 01:33:21]} {[%emt 00:00:05]} 10.
Rc1 {[%clk 01:28:22]} {[%emt 00:00:43]} Bd6 {[%clk 01:33:37]} {[%emt 00:00:14]}
11. Bxd6 {[%clk 01:27:57]} {[%emt 00:00:55]} Qxd6 {[%clk 01:34:04]} {[%emt
00:00:04]} 12. Nge2 {[%clk 01:28:08]} {[%emt 00:00:19]} O-O {[%clk 01:33:58]}
{[%emt 00:00:35]} 13. Nf4 {[%clk 01:28:12]} {[%emt 00:00:27]} Bg6 {[%clk
01:34:19]} {[%emt 00:00:08]} 14. Nxg6 {[%clk 01:28:28]} {[%emt 00:00:15]} hxg6
{[%clk 01:34:43]} {[%emt 00:00:05]} 15. O-O {[%clk 01:28:48]} {[%emt 00:00:10]}
b5 {[%clk 01:19:44]} {[%emt 00:15:29]} 16. Ne2 {[%clk 01:23:25]} {[%emt
00:05:54]} Rfc8 {[%clk 01:13:56]} {[%emt 00:06:17]} 17. Rc3 {[%clk 01:19:59]}
{[%emt 00:03:56]} Rc7 {[%clk 01:04:20]} {[%emt 00:10:38]} 18. Rfc1 {[%clk
01:18:44]} {[%emt 00:02:13]} Rac8 {[%clk 00:58:55]} {[%emt 00:05:56]} 19. a3
{[%clk 01:15:16]} {[%emt 00:03:57]} Nd7 {[%clk 00:50:57]} {[%emt 00:08:28]} 20.
R1c2 {[%clk 01:10:32]} {[%emt 00:05:14]} Nb6 {[%clk 00:49:21]} {[%emt
00:02:06]} 21. b3 {[%clk 01:09:56]} {[%emt 00:01:06]} Na7 {[%clk 00:45:12]}
{[%emt 00:04:40]} 22. Rc5 {[%clk 00:51:36]} {[%emt 00:18:49]} Nd7 {[%clk
00:31:17]} {[%emt 00:14:26]} 23. Rxc7 {[%clk 00:50:59]} {[%emt 00:01:06]} Rxc7
{[%clk 00:31:46]} {[%emt 00:00:01]} 24. Qa5 {[%clk 00:48:51]} {[%emt 00:02:38]}
Rxc2 {[%clk 00:25:09]} {[%emt 00:07:08]} 25. Bxc2 {[%clk 00:48:02]} {[%emt
00:01:18]} Qb6 {[%clk 00:24:25]} {[%emt 00:01:14]} 26. Qb4 {[%clk 00:44:50]}
{[%emt 00:03:41]} Nc8 {[%clk 00:17:32]} {[%emt 00:07:24]} 27. Nf4 {[%clk
00:43:41]} {[%emt 00:01:38]} Nf6 {[%clk 00:16:03]} {[%emt 00:02:00]} 28. Nd3
{[%clk 00:42:17]} {[%emt 00:01:54]} a5 {[%clk 00:15:34]} {[%emt 00:01:00]} 29.
Qc3 {[%clk 00:42:23]} {[%emt 00:00:24]} Nd6 {[%clk 00:14:17]} {[%emt 00:01:46]}
30. f3 {[%clk 00:36:19]} {[%emt 00:06:33]} Nf5 {[%clk 00:07:40]} {[%emt
00:07:07]} 31. Kf2 {[%clk 00:36:20]} {[%emt 00:00:29]} Qd6 {[%clk 00:07:03]}
{[%emt 00:01:08]} 32. Qc8+ {[%clk 00:32:57]} {[%emt 00:03:53]} Kh7 {[%clk
00:07:19]} {[%emt 00:00:14]} 33. Ne5 {[%clk 00:33:09]} {[%emt 00:00:18]} Qe7
{[%clk 00:01:44]} {[%emt 00:06:05]} 34. Qc5 {[%clk 00:27:06]} {[%emt 00:06:32]}
1-0

[Event "DEM U14 2023"]
[Site "Willingen GER"]
[Date "2023.05.31"]
[Round "5"]
[White "Aniol, Nico"]
[Black "Mester, Philipp"]
[Result "1-0"]
[Termination "normal"]
[Board "14"]
[WhiteElo "1592"]
[BlackElo "1730"]
[WhiteClock "00:29:24"]
[BlackClock "00:05:05"]
[PlyCount "59"]
[WhiteFideId "16287096"]
[BlackFideId "34624902"]
[EventCountry "GER"]
[EventRounds "9"]
[EventType "swiss"]
[EventDate "2023.05.27"]

1. e4 {[%clk 01:30:55]} {[%emt 00:00:05]} e5 {[%clk 01:30:58]} {[%emt
00:00:03]} 2. Nf3 {[%clk 01:31:16]} {[%emt 00:00:10]} Nc6 {[%clk 01:31:21]}
{[%emt 00:00:06]} 3. Bb5 {[%clk 01:31:42]} {[%emt 00:00:04]} Nf6 {[%clk
01:31:31]} {[%emt 00:00:19]} 4. d3 {[%clk 01:32:05]} {[%emt 00:00:07]} Bc5
{[%clk 01:31:54]} {[%emt 00:00:06]} 5. Bxc6 {[%clk 01:32:27]} {[%emt 00:00:09]}
dxc6 {[%clk 01:32:19]} {[%emt 00:00:05]} 6. O-O {[%clk 01:32:52]} {[%emt
00:00:05]} Nd7 {[%clk 01:32:20]} {[%emt 00:00:29]} 7. c3 {[%clk 01:33:03]}
{[%emt 00:00:20]} O-O {[%clk 01:32:20]} {[%emt 00:00:31]} 8. d4 {[%clk
01:32:14]} {[%emt 00:01:18]} Bd6 {[%clk 01:32:31]} {[%emt 00:00:19]} 9. Bg5
{[%clk 01:31:11]} {[%emt 00:01:34]} f6 {[%clk 01:32:55]} {[%emt 00:00:05]} 10.
Bh4 {[%clk 01:31:04]} {[%emt 00:00:36]} Qe7 {[%clk 01:26:16]} {[%emt 00:07:09]}
11. Nbd2 {[%clk 01:30:52]} {[%emt 00:00:43]} c5 {[%clk 01:16:02]} {[%emt
00:10:44]} 12. dxe5 {[%clk 01:26:47]} {[%emt 00:04:36]} Nxe5 {[%clk 01:15:24]}
{[%emt 00:01:07]} 13. Nxe5 {[%clk 01:27:01]} {[%emt 00:00:17]} Qxe5 {[%clk
01:15:43]} {[%emt 00:00:10]} 14. Bg3 {[%clk 01:27:24]} {[%emt 00:00:06]} Qe7
{[%clk 01:13:02]} {[%emt 00:03:10]} 15. Bxd6 {[%clk 01:27:08]} {[%emt
00:00:48]} Qxd6 {[%clk 01:12:56]} {[%emt 00:00:35]} 16. Qc2 {[%clk 01:24:51]}
{[%emt 00:02:47]} b6 {[%clk 01:11:15]} {[%emt 00:02:12]} 17. Rad1 {[%clk
01:20:04]} {[%emt 00:05:17]} Ba6 {[%clk 01:08:09]} {[%emt 00:03:34]} 18. Rfe1
{[%clk 01:19:44]} {[%emt 00:00:51]} Qc6 {[%clk 01:01:18]} {[%emt 00:07:22]} 19.
Nf1 {[%clk 01:10:29]} {[%emt 00:09:44]} Rfe8 {[%clk 00:56:44]} {[%emt
00:05:04]} 20. Ng3 {[%clk 01:07:15]} {[%emt 00:03:44]} Qe6 {[%clk 00:54:46]}
{[%emt 00:02:24]} 21. b3 {[%clk 01:02:36]} {[%emt 00:05:13]} Rec8 {[%clk
00:51:06]} {[%emt 00:04:08]} 22. e5 {[%clk 00:46:01]} {[%emt 00:17:08]} Bb7
{[%clk 00:38:26]} {[%emt 00:13:08]} 23. f4 {[%clk 00:41:49]} {[%emt 00:04:42]}
g6 {[%clk 00:36:37]} {[%emt 00:02:19]} 24. f5 {[%clk 00:40:35]} {[%emt
00:01:45]} gxf5 {[%clk 00:33:34]} {[%emt 00:03:33]} 25. Qxf5 {[%clk 00:36:26]}
{[%emt 00:04:38]} Re8 {[%clk 00:21:03]} {[%emt 00:13:01]} 26. exf6 {[%clk
00:31:44]} {[%emt 00:05:14]} Qxf5 {[%clk 00:16:58]} {[%emt 00:04:34]} 27. Nxf5
{[%clk 00:32:09]} {[%emt 00:00:05]} Kf7 {[%clk 00:10:51]} {[%emt 00:06:36]} 28.
Rf1 {[%clk 00:30:25]} {[%emt 00:02:15]} Re2 {[%clk 00:08:51]} {[%emt 00:02:29]}
29. Rd7+ {[%clk 00:28:59]} {[%emt 00:01:57]} Kxf6 {[%clk 00:05:05]} {[%emt
00:04:17]} 30. Nd4+ {[%clk 00:29:24]} {[%emt 00:00:03]} 1-0

[Event "DEM U14 2023"]
[Site "Willingen GER"]
[Date "2023.05.31"]
[Round "5"]
[White "Stichter, Constantin Paul"]
[Black "Lu, Yunong Elias"]
[Result "1/2-1/2"]
[Termination "normal"]
[Board "16"]
[WhiteElo "1959"]
[BlackElo "1823"]
[WhiteClock "00:00:33"]
[BlackClock "00:19:39"]
[PlyCount "82"]
[WhiteFideId "34603140"]
[BlackFideId "16276426"]
[EventCountry "GER"]
[EventRounds "9"]
[EventType "swiss"]
[EventDate "2023.05.27"]

1. Nf3 {[%clk 01:30:54]} {[%emt 00:00:04]} Nf6 {[%clk 01:30:29]} {[%emt
00:00:32]} 2. g3 {[%clk 01:31:12]} {[%emt 00:00:12]} d5 {[%clk 01:30:44]}
{[%emt 00:00:15]} 3. d4 {[%clk 01:31:35]} {[%emt 00:00:07]} c6 {[%clk
01:29:03]} {[%emt 00:02:12]} 4. Bg2 {[%clk 01:30:33]} {[%emt 00:01:31]} Bf5
{[%clk 01:27:39]} {[%emt 00:01:54]} 5. e3 {[%clk 01:26:58]} {[%emt 00:04:05]}
e6 {[%clk 01:24:06]} {[%emt 00:04:03]} 6. O-O {[%clk 01:24:46]} {[%emt
00:02:41]} h6 {[%clk 01:23:54]} {[%emt 00:00:41]} 7. b3 {[%clk 01:24:37]}
{[%emt 00:00:41]} Nbd7 {[%clk 01:23:23]} {[%emt 00:01:01]} 8. Bb2 {[%clk
01:24:36]} {[%emt 00:00:30]} Bd6 {[%clk 01:18:14]} {[%emt 00:05:39]} 9. c4
{[%clk 01:20:18]} {[%emt 00:04:49]} Bc7 {[%clk 01:15:57]} {[%emt 00:02:46]} 10.
Nc3 {[%clk 01:04:45]} {[%emt 00:16:04]} O-O {[%clk 01:14:13]} {[%emt 00:02:14]}
11. Re1 {[%clk 00:53:09]} {[%emt 00:12:04]} Re8 {[%clk 01:09:36]} {[%emt
00:05:08]} 12. Nh4 {[%clk 00:51:31]} {[%emt 00:02:08]} Bh7 {[%clk 01:08:56]}
{[%emt 00:01:10]} 13. Qd2 {[%clk 00:45:25]} {[%emt 00:06:35]} Ne4 {[%clk
01:02:24]} {[%emt 00:07:02]} 14. Nxe4 {[%clk 00:43:55]} {[%emt 00:02:00]} dxe4
{[%clk 01:02:35]} {[%emt 00:00:18]} 15. Bf1 {[%clk 00:39:16]} {[%emt 00:05:11]}
g5 {[%clk 00:57:47]} {[%emt 00:05:17]} 16. Ng2 {[%clk 00:39:40]} {[%emt
00:00:07]} Ne5 {[%clk 00:58:10]} {[%emt 00:00:06]} 17. Qc3 {[%clk 00:34:22]}
{[%emt 00:05:49]} Nf3+ {[%clk 00:57:46]} {[%emt 00:00:55]} 18. Kh1 {[%clk
00:34:49]} {[%emt 00:00:02]} Nxe1 {[%clk 00:57:33]} {[%emt 00:00:43]} 19. Nxe1
{[%clk 00:34:30]} {[%emt 00:00:49]} Qf6 {[%clk 00:56:01]} {[%emt 00:02:01]} 20.
Kg1 {[%clk 00:34:59]} Bd6 {[%clk 00:52:49]} {[%emt 00:03:44]} 21. Bg2 {[%clk
00:34:48]} {[%emt 00:00:40]} Bf8 {[%clk 00:48:55]} {[%emt 00:04:25]} 22. f3
{[%clk 00:33:43]} {[%emt 00:01:35]} exf3 {[%clk 00:46:33]} {[%emt 00:02:52]}
23. Nxf3 {[%clk 00:32:06]} {[%emt 00:02:06]} Bg7 {[%clk 00:45:49]} {[%emt
00:01:14]} 24. Rf1 {[%clk 00:28:19]} {[%emt 00:04:16]} Qg6 {[%clk 00:42:23]}
{[%emt 00:03:56]} 25. Ne5 {[%clk 00:22:06]} {[%emt 00:06:43]} Bxe5 {[%clk
00:40:50]} {[%emt 00:02:04]} 26. dxe5 {[%clk 00:22:25]} {[%emt 00:00:11]} Qd3
{[%clk 00:39:40]} {[%emt 00:01:40]} 27. Qxd3 {[%clk 00:17:53]} {[%emt
00:05:02]} Bxd3 {[%clk 00:39:19]} {[%emt 00:00:50]} 28. Rf2 {[%clk 00:15:51]}
{[%emt 00:02:33]} Bg6 {[%clk 00:30:37]} {[%emt 00:09:12]} 29. Ba3 {[%clk
00:16:01]} {[%emt 00:00:20]} Rac8 {[%clk 00:29:05]} {[%emt 00:02:02]} 30. Bd6
{[%clk 00:15:23]} {[%emt 00:01:07]} b5 {[%clk 00:29:24]} {[%emt 00:00:12]} 31.
c5 {[%clk 00:14:21]} {[%emt 00:01:33]} Red8 {[%clk 00:27:25]} {[%emt 00:02:27]}
32. Rd2 {[%clk 00:10:40]} {[%emt 00:04:11]} Rd7 {[%clk 00:25:15]} {[%emt
00:02:39]} 33. e4 {[%clk 00:10:42]} {[%emt 00:00:29]} a5 {[%clk 00:25:13]}
{[%emt 00:00:33]} 34. Rd4 {[%clk 00:10:07]} {[%emt 00:01:05]} Ra7 {[%clk
00:24:23]} {[%emt 00:01:20]} 35. a3 {[%clk 00:06:45]} {[%emt 00:03:51]} Kg7
{[%clk 00:23:38]} {[%emt 00:01:16]} 36. Rd2 {[%clk 00:03:29]} {[%emt 00:03:45]}
g4 {[%clk 00:23:03]} {[%emt 00:01:05]} 37. Rf2 {[%clk 00:03:22]} {[%emt
00:00:37]} h5 {[%clk 00:23:02]} {[%emt 00:00:32]} 38. Rf4 {[%clk 00:03:29]}
{[%emt 00:00:21]} Rh8 {[%clk 00:21:25]} {[%emt 00:02:07]} 39. Kf2 {[%clk
00:02:17]} {[%emt 00:01:42]} Rh7 {[%clk 00:20:46]} {[%emt 00:01:10]} 40. Bf1
{[%clk 00:01:00]} {[%emt 00:01:47]} a4 {[%clk 00:19:42]} {[%emt 00:01:34]} 41.
b4 {[%clk 00:00:33]} {[%emt 00:00:57]} Rb7 {[%clk 00:19:39]} {[%emt 00:00:32]}
1/2-1/2

[Event "DEM U14 2023"]
[Site "Willingen GER"]
[Date "2023.05.31"]
[Round "5"]
[White "Herrmann, Jakob"]
[Black "Mohammadzadeh, Daris"]
[Result "0-1"]
[Termination "normal"]
[Board "17"]
[WhiteElo "2084"]
[BlackElo "1639"]
[WhiteClock "00:05:27"]
[BlackClock "00:03:26"]
[PlyCount "130"]
[WhiteFideId "16287169"]
[BlackFideId "34604359"]
[EventCountry "GER"]
[EventRounds "9"]
[EventType "swiss"]
[EventDate "2023.05.27"]

1. e4 {[%clk 01:30:57]} {[%emt 00:00:01]} c5 {[%clk 01:30:56]} {[%emt
00:00:05]} 2. Nf3 {[%clk 01:31:15]} {[%emt 00:00:12]} Nc6 {[%clk 01:31:06]}
{[%emt 00:00:20]} 3. Bc4 {[%clk 01:31:06]} {[%emt 00:00:37]} e6 {[%clk
01:29:42]} {[%emt 00:01:55]} 4. O-O {[%clk 01:31:22]} {[%emt 00:00:13]} Be7
{[%clk 01:28:28]} {[%emt 00:01:45]} 5. c3 {[%clk 01:28:09]} {[%emt 00:03:44]}
d5 {[%clk 01:24:47]} {[%emt 00:04:11]} 6. exd5 {[%clk 01:24:32]} {[%emt
00:04:07]} exd5 {[%clk 01:24:57]} {[%emt 00:00:19]} 7. Bb3 {[%clk 01:21:48]}
{[%emt 00:03:15]} Bg4 {[%clk 01:21:10]} {[%emt 00:04:16]} 8. d3 {[%clk
01:02:57]} {[%emt 00:19:21]} Nf6 {[%clk 01:15:26]} {[%emt 00:06:14]} 9. h3
{[%clk 00:45:44]} {[%emt 00:17:44]} Bh5 {[%clk 01:08:46]} {[%emt 00:07:10]} 10.
Ba4 {[%clk 00:45:33]} {[%emt 00:00:40]} O-O {[%clk 01:02:13]} {[%emt 00:07:03]}
11. Bxc6 {[%clk 00:42:10]} {[%emt 00:03:54]} bxc6 {[%clk 01:02:37]} {[%emt
00:00:06]} 12. g4 {[%clk 00:42:22]} {[%emt 00:00:18]} Bg6 {[%clk 01:00:49]}
{[%emt 00:02:19]} 13. Ne5 {[%clk 00:42:36]} {[%emt 00:00:15]} Bd6 {[%clk
00:46:16]} {[%emt 00:15:03]} 14. Bf4 {[%clk 00:37:56]} {[%emt 00:05:10]} Bxe5
{[%clk 00:34:51]} {[%emt 00:11:55]} 15. Bxe5 {[%clk 00:38:20]} {[%emt
00:00:06]} Nd7 {[%clk 00:31:20]} {[%emt 00:04:01]} 16. Bd6 {[%clk 00:30:31]}
{[%emt 00:08:20]} Re8 {[%clk 00:31:31]} {[%emt 00:00:19]} 17. Qf3 {[%clk
00:30:49]} {[%emt 00:00:13]} Ne5 {[%clk 00:24:38]} {[%emt 00:07:23]} 18. Bxe5
{[%clk 00:31:06]} {[%emt 00:00:12]} Rxe5 {[%clk 00:25:03]} {[%emt 00:00:05]}
19. Na3 {[%clk 00:31:21]} {[%emt 00:00:16]} Rb8 {[%clk 00:22:30]} {[%emt
00:03:02]} 20. b3 {[%clk 00:13:16]} {[%emt 00:18:34]} Qa5 {[%clk 00:20:30]}
{[%emt 00:02:31]} 21. Qg3 {[%clk 00:13:02]} {[%emt 00:00:44]} Ree8 {[%clk
00:17:05]} {[%emt 00:03:55]} 22. Nb1 {[%clk 00:11:56]} {[%emt 00:01:36]} Rxb3
{[%clk 00:14:32]} {[%emt 00:03:02]} 23. axb3 {[%clk 00:11:48]} {[%emt
00:00:38]} Qxa1 {[%clk 00:14:56]} {[%emt 00:00:07]} 24. f4 {[%clk 00:07:40]}
{[%emt 00:04:38]} f6 {[%clk 00:07:26]} {[%emt 00:08:00]} 25. f5 {[%clk
00:07:49]} {[%emt 00:00:21]} Bf7 {[%clk 00:07:50]} {[%emt 00:00:06]} 26. Qf2
{[%clk 00:07:32]} {[%emt 00:00:47]} Qa5 {[%clk 00:07:25]} {[%emt 00:00:55]} 27.
Rc1 {[%clk 00:06:52]} {[%emt 00:01:10]} Qb5 {[%clk 00:05:57]} {[%emt 00:01:58]}
28. Qc2 {[%clk 00:04:06]} {[%emt 00:03:16]} Re3 {[%clk 00:05:07]} {[%emt
00:01:20]} 29. c4 {[%clk 00:04:28]} {[%emt 00:00:09]} Qb8 {[%clk 00:05:23]}
{[%emt 00:00:13]} 30. Qh2 {[%clk 00:04:11]} {[%emt 00:00:46]} Qxb3 {[%clk
00:03:24]} {[%emt 00:02:29]} 31. Nc3 {[%clk 00:04:11]} {[%emt 00:00:30]} d4
{[%clk 00:02:02]} {[%emt 00:01:53]} 32. Qf4 {[%clk 00:03:24]} {[%emt 00:01:16]}
Re8 {[%clk 00:01:45]} {[%emt 00:00:48]} 33. Ne4 {[%clk 00:03:38]} {[%emt
00:00:16]} Qxd3 {[%clk 00:01:38]} {[%emt 00:00:37]} 34. Nxc5 {[%clk 00:03:51]}
{[%emt 00:00:17]} Qe3+ {[%clk 00:01:51]} {[%emt 00:00:17]} 35. Qxe3 {[%clk
00:04:14]} {[%emt 00:00:06]} Rxe3 {[%clk 00:01:33]} {[%emt 00:00:48]} 36. Rd1
{[%clk 00:04:25]} {[%emt 00:00:19]} Bxc4 {[%clk 00:01:27]} {[%emt 00:00:37]}
37. Rxd4 {[%clk 00:04:43]} {[%emt 00:00:13]} Bd5 {[%clk 00:01:44]} {[%emt
00:00:12]} 38. Kh2 {[%clk 00:04:36]} {[%emt 00:00:36]} Re7 {[%clk 00:01:16]}
{[%emt 00:00:59]} 39. Ra4 {[%clk 00:04:36]} {[%emt 00:00:30]} Re2+ {[%clk
00:01:04]} {[%emt 00:00:41]} 40. Kg1 {[%clk 00:04:24]} {[%emt 00:00:42]} Re7
{[%clk 00:00:39]} {[%emt 00:00:55]} 41. Kf2 {[%clk 00:03:13]} {[%emt 00:01:40]}
Kf8 {[%clk 00:26:57]} {[%emt 00:04:14]} 42. Rb4 {[%clk 00:18:45]} {[%emt
00:14:58]} a5 {[%clk 00:18:13]} {[%emt 00:09:14]} 43. Ra4 {[%clk 00:12:26]}
{[%emt 00:06:49]} Ra7 {[%clk 00:18:11]} {[%emt 00:00:32]} 44. Ke3 {[%clk
00:11:37]} {[%emt 00:01:18]} Ke7 {[%clk 00:17:55]} {[%emt 00:00:47]} 45. h4
{[%clk 00:11:34]} {[%emt 00:00:33]} Kd6 {[%clk 00:16:03]} {[%emt 00:02:22]} 46.
Kd4 {[%clk 00:11:56]} {[%emt 00:00:06]} h6 {[%clk 00:15:23]} {[%emt 00:01:10]}
47. Ra3 {[%clk 00:08:53]} {[%emt 00:03:33]} Kc7 {[%clk 00:07:28]} {[%emt
00:08:26]} 48. Ra1 {[%clk 00:05:53]} {[%emt 00:03:30]} a4 {[%clk 00:05:38]}
{[%emt 00:02:20]} 49. Rxa4 {[%clk 00:06:09]} {[%emt 00:00:14]} Rxa4+ {[%clk
00:05:57]} {[%emt 00:00:11]} 50. Nxa4 {[%clk 00:06:37]} {[%emt 00:00:02]} Bf3
{[%clk 00:06:08]} {[%emt 00:00:19]} 51. g5 {[%clk 00:05:53]} {[%emt 00:01:12]}
hxg5 {[%clk 00:06:12]} {[%emt 00:00:27]} 52. hxg5 {[%clk 00:06:20]} {[%emt
00:00:03]} fxg5 {[%clk 00:06:33]} {[%emt 00:00:09]} 53. Nc5 {[%clk 00:06:45]}
{[%emt 00:00:04]} Kd6 {[%clk 00:04:42]} {[%emt 00:02:21]} 54. Ne6 {[%clk
00:06:42]} {[%emt 00:00:35]} g4 {[%clk 00:04:03]} {[%emt 00:01:08]} 55. Nxg7
{[%clk 00:06:29]} {[%emt 00:00:42]} g3 {[%clk 00:03:27]} {[%emt 00:01:06]} 56.
Ke3 {[%clk 00:06:45]} {[%emt 00:00:14]} g2 {[%clk 00:03:34]} {[%emt 00:00:23]}
57. Kf2 {[%clk 00:07:07]} {[%emt 00:00:08]} Ke5 {[%clk 00:03:36]} {[%emt
00:00:28]} 58. Ne6 {[%clk 00:07:21]} {[%emt 00:00:16]} Bd5 {[%clk 00:03:00]}
{[%emt 00:01:06]} 59. Ng7 {[%clk 00:05:37]} {[%emt 00:02:14]} Kf6 {[%clk
00:02:56]} {[%emt 00:00:33]} 60. Ne8+ {[%clk 00:05:48]} {[%emt 00:00:19]} Kxf5
{[%clk 00:03:12]} {[%emt 00:00:15]} 61. Nc7 {[%clk 00:06:05]} {[%emt 00:00:13]}
Ke5 {[%clk 00:03:12]} {[%emt 00:00:30]} 62. Na6 {[%clk 00:05:06]} {[%emt
00:01:28]} Kd4 {[%clk 00:03:12]} {[%emt 00:00:32]} 63. Nb4 {[%clk 00:05:14]}
{[%emt 00:00:21]} c5 {[%clk 00:03:07]} {[%emt 00:00:36]} 64. Nc2+ {[%clk
00:05:34]} {[%emt 00:00:10]} Kd3 {[%clk 00:03:06]} {[%emt 00:00:31]} 65. Ne3
{[%clk 00:05:27]} {[%emt 00:00:36]} g1=Q+ {[%clk 00:03:26]} {[%emt 00:00:11]}
0-1